000 01015nam a22001217a 4500
040 _cRUA
082 _aLMA TEP 2025 B701 Or.1
100 _aTEP OUDOM,ទេព ឧត្ដម
245 _aThe Uses Of Using geographic in formation systems (GIS) in supporting the registration of state land under special procedures in the dolphin management and protection area in siem bok district, stung treng province, សិក្សាអំពីការប្រើប្រាស់ប្រព័ន្ធព័ត៌មានភូមិសាស្រ្ត (GIS) ក្នុងការគាំទ្រដល់ការចុះបញ្ជីដីរដ្ឋ តាមនីតិវិធីពិសេស ស្ថិតនៅតំបន់គ្រប់គ្រង និងការពារសត្វផ្សោតក្នុងស្រុកសៀមបូក ខេត្តស្ទឹងត្រែង.
260 _aPHNOM PENH
_bRUA
_c2025
300 _axiii,79p.
_bill.
_c29cm.
942 _cLMA
999 _c25748
_d25748